<?xml version="1.0" encoding="UTF-8"?><?xml-stylesheet type="text/xsl" href="static/style.xsl"?><OAI-PMH xmlns="http://www.openarchives.org/OAI/2.0/" xmlns:xsi="http://www.w3.org/2001/XMLSchema-instance" xsi:schemaLocation="http://www.openarchives.org/OAI/2.0/ http://www.openarchives.org/OAI/2.0/OAI-PMH.xsd"><responseDate>2026-04-14T05:25:27Z</responseDate><request verb="GetRecord" identifier="oai:www.recercat.cat:2445/173163" metadataPrefix="marc">https://recercat.cat/oai/request</request><GetRecord><record><header><identifier>oai:recercat.cat:2445/173163</identifier><datestamp>2025-12-05T14:43:47Z</datestamp><setSpec>com_2072_1057</setSpec><setSpec>col_2072_478917</setSpec><setSpec>col_2072_478922</setSpec></header><metadata><record xmlns="http://www.loc.gov/MARC21/slim" xmlns:dcterms="http://purl.org/dc/terms/" xmlns:xsi="http://www.w3.org/2001/XMLSchema-instance" xmlns:doc="http://www.lyncode.com/xoai" xsi:schemaLocation="http://www.loc.gov/MARC21/slim http://www.loc.gov/standards/marcxml/schema/MARC21slim.xsd">
   <leader>00925njm 22002777a 4500</leader>
   <datafield ind2=" " ind1=" " tag="042">
      <subfield code="a">dc</subfield>
   </datafield>
   <datafield ind2=" " ind1=" " tag="720">
      <subfield code="a">García Barrios, Débora</subfield>
      <subfield code="e">author</subfield>
   </datafield>
   <datafield ind2=" " ind1=" " tag="720">
      <subfield code="a">Méndez Ulrich, Jorge Luis</subfield>
      <subfield code="e">author</subfield>
   </datafield>
   <datafield ind2=" " ind1=" " tag="260">
      <subfield code="c">2021-01-15T10:44:48Z</subfield>
   </datafield>
   <datafield ind2=" " ind1=" " tag="260">
      <subfield code="c">2021-01-15T10:44:48Z</subfield>
   </datafield>
   <datafield ind2=" " ind1=" " tag="260">
      <subfield code="c">2017-01-01</subfield>
   </datafield>
   <datafield ind2=" " ind1=" " tag="260">
      <subfield code="c">2021-01-15T10:44:48Z</subfield>
   </datafield>
   <datafield ind2=" " ind1=" " tag="520">
      <subfield code="a">La reciente recesión económica ha ocasionado un gran impacto en las condiciones de vida de la población española. En el presente estudio se realiza una aproximación al efecto de la crisis económica en el acceso a los estudios universitarios, así como a los comportamientos relacionados con la exclusión social que los estudiantes universitarios serían capaces de realizar o ya han realizado, con el único propósito de costearse su educación. Para ello, 96 estudiantes contestaron voluntariamente una encuesta cuyo objetivo era evaluar su situación sociolaboral. detectar situaciones de riesgo de exclusión, y una escala actitudinal en relación a conductas de riesgo social. A pesar de que el 78,5% de los encuestados trabajaba, un 79,2% percibía su situación económica como media o baja. Un 77,3% de encuestados habían realizado a lo largo de sus estudios a conductas de riesgo como trabajar sin contrato, traficar con drogas, o incluso prostituirse. De forma consecuente, los resultados sugieren una asociación entre el nivel económico y riesgo social. por lo que se daría la paradoja de que la universidad constituya una puerta de entrada a la exclusión. Finalmente, se comentan las limitaciones del estudio y se destaca la necesidad de profundizar en el abordaje de este fenómeno.</subfield>
   </datafield>
   <datafield tag="653" ind2=" " ind1=" ">
      <subfield code="a">Estudiants universitaris</subfield>
   </datafield>
   <datafield tag="653" ind2=" " ind1=" ">
      <subfield code="a">Persones desfavorides</subfield>
   </datafield>
   <datafield tag="653" ind2=" " ind1=" ">
      <subfield code="a">Pobresa</subfield>
   </datafield>
   <datafield tag="653" ind2=" " ind1=" ">
      <subfield code="a">College students</subfield>
   </datafield>
   <datafield tag="653" ind2=" " ind1=" ">
      <subfield code="a">People with social disabilities</subfield>
   </datafield>
   <datafield tag="653" ind2=" " ind1=" ">
      <subfield code="a">Poverty</subfield>
   </datafield>
   <datafield ind2="0" ind1="0" tag="245">
      <subfield code="a">Estudiantes universitarios en riesgo de exclusión social: una aproximación a una realidad social oculta</subfield>
   </datafield>
</record></metadata></record></GetRecord></OAI-PMH>